[Event "Scarborough CC Fall Swiss"]
[Site "Toronto CAN"]
[Date "2007.11.01"]
[Round "1"]
[White "Morra, Lui"]
[Black "London, John"]
[Result "1-0"]
[WhiteElo "1551"]
[BlackElo "1826"]
[PlyCount "55"]
[GameId "2160767910574529"]
[EventDate "2007.11.01"]
[EventType "swiss"]
[EventRounds "7"]
[EventCountry "CAN"]
[SourceTitle "EXT 2022"]
[Source "ChessBase"]
[SourceDate "2021.10.06"]
[SourceVersion "1"]
[SourceVersionDate "2021.10.06"]
[SourceQuality "1"]

1. e4 c5 2. Nf3 e6 3. d4 cxd4 4. Nxd4 Nf6 5. Nc3 Bb4 6. Bd3 Nc6 7. Nxc6 dxc6 8. O-O Qc7 9. Bg5 Qe5 10. Bd2 O-O 11. a3 Bd6 12. f4 Qd4+ 13. Kh1 Bc7 14. e5 Nd5 15. Qh5 g6 16. Qh6 Ne7 17. Ne4 f6 18. Nxf6+ Rxf6 19. Bc3 Qd7 20. exf6 Nf5 21. Bxf5 exf5 22. Rfe1 Bd6 23. Re8+ Kf7 24. Rae1 Qe6 25. R1xe6 Bxe6 26. Re7+ Bxe7 27. Qg7+ Ke8 28. Qxe7# 1-0

[Event "Scarborough CC Fall Swiss"]
[Site "Toronto CAN"]
[Date "2007.11.01"]
[Round "1"]
[White "Rutherdale, William"]
[Black "Mesiti, Silvano"]
[Result "0-1"]
[WhiteElo "1820"]
[BlackElo "1742"]
[PlyCount "54"]
[GameId "2160767910574530"]
[EventDate "2007.11.01"]
[EventType "swiss"]
[EventRounds "7"]
[EventCountry "CAN"]
[SourceTitle "EXT 2022"]
[Source "ChessBase"]
[SourceDate "2021.10.06"]
[SourceVersion "1"]
[SourceVersionDate "2021.10.06"]
[SourceQuality "1"]

1. d4 d5 2. c4 dxc4 3. e4 e5 4. d5 b5 5. a4 c6 6. axb5 cxb5 7. Nf3 Bd6 8. Nc3 Bd7 9. b3 b4 10. Na4 Bxa4 11. Rxa4 c3 12. Bb5+ Nd7 13. Bc6 Ngf6 14. Bxa8 Qxa8 15. Qd3 O-O 16. Be3 a5 17. Qb5 Bc7 18. O-O Rb8 19. Qd3 Ne8 20. Ne1 Nd6 21. Nc2 Qb7 22. Raa1 Nf6 23. f3 Nd7 24. Bf2 Nf6 25. Bg3 Nd7 26. Qe3 Bb6 27. Nd4 Bxd4 0-1

[Event "Scarborough CC Fall Swiss"]
[Site "Toronto CAN"]
[Date "2007.11.01"]
[Round "1"]
[White "Villalobos, Oscar"]
[Black "Rapoport, Alexander"]
[Result "1-0"]
[WhiteElo "1760"]
[BlackElo "2014"]
[PlyCount "93"]
[GameId "2160767910574531"]
[EventDate "2007.11.01"]
[EventType "swiss"]
[EventRounds "7"]
[EventCountry "CAN"]

1. e4 c5 2. Nc3 e6 3. g3 Nc6 4. Bg2 a6 5. Nf3 Qc7 6. d3 d6 7. O-O Bd7 8. a3 g6 9. Be3 Bg7 10. Qd2 h6 11. Nh4 Nf6 12. h3 O-O-O 13. b4 cxb4 14. axb4 g5 15. Nf3 Nxb4 16. Rfb1 Ng4 17. Bd4 Bxd4 18. Nxd4 Qc5 19. Nb3 Qxf2+ 20. Qxf2 Nxf2 21. Kxf2 Nxc2 22. Ra5 Nb4 23. Ke2 b6 24. Ra3 a5 25. Nd2 Kb7 26. Nc4 Kc7 27. Na2 Nxa2 28. Rxa2 a4 29. e5 dxe5 30. Nxe5 Be8 31. Rc2+ Kd6 32. Nc4+ Ke7 33. Rxb6 Bd7 34. Ne5 Rb8 35. Ra6 Rhc8 36. Ra2 Bb5 37. Ra7+ Kf6 38. Nxf7 Rc3 39. Be4 a3 40. Nxh6 Ke5 41. Nf7+ Kf6 42. Ke3 Be8 43. Rf2+ Kg7 44. Nxg5+ Kh6 45. h4 Bg6 46. Rf6 Rh8 47. Bxg6 1-0

[Event "Scarborough CC Fall Swiss"]
[Site "Toronto CAN"]
[Date "2007.11.01"]
[Round "1"]
[White "Wu, Aaron"]
[Black "Paterson, Jim"]
[Result "1-0"]
[WhiteElo "1684"]
[BlackElo "1883"]
[PlyCount "120"]
[GameId "2160767910574532"]
[EventDate "2007.11.01"]
[EventType "swiss"]
[EventRounds "7"]
[EventCountry "CAN"]
[SourceTitle "EXT 2022"]
[Source "ChessBase"]
[SourceDate "2021.10.06"]
[SourceVersion "1"]
[SourceVersionDate "2021.10.06"]
[SourceQuality "1"]

1. e4 c5 2. Nc3 Nc6 3. Nf3 e6 4. d4 cxd4 5. Nxd4 a6 6. Be2 d6 7. O-O Nf6 8. Be3 Bd7 9. f4 Be7 10. Qe1 Nxd4 11. Bxd4 Bc6 12. Bf3 Qc7 13. Rd1 O-O 14. Be3 Rfd8 15. Qg3 d5 16. e5 Ne4 17. Nxe4 dxe4 18. Be2 Rxd1 19. Bxd1 Bb5 20. Rf2 Rd8 21. Bg4 Bc5 22. h3 Qb6 23. Bxc5 Qxc5 24. Kh2 e3 25. Rf3 e2 26. Rc3 Qb6 27. Qe1 Rd1 28. Bxe2 Rd8 29. Bxb5 Qxb5 30. Qh4 Qb6 31. Qe7 Rf8 32. Rb3 Qf2 33. Qg5 h6 34. Qg3 Qa7 35. Qe3 Qxe3 36. Rxe3 Rc8 37. c3 Rc4 38. Kg3 Ra4 39. a3 b5 40. Rd3 Kf8 41. Rd4 Rxd4 42. cxd4 Ke7 43. Kf3 Kd7 44. g4 f6 45. Ke4 fxe5 46. Kxe5 Ke7 47. b4 g5 48. f5 exf5 49. gxf5 h5 50. f6+ Kf7 51. Kf5 g4 52. hxg4 hxg4 53. Kxg4 Kxf6 54. Kf4 Ke6 55. Ke4 Kd6 56. d5 Kd7 57. Ke5 Ke7 58. d6+ Kd7 59. Kd5 Kd8 60. Kc6 Kc8 1-0

[Event "Scarborough CC Fall Swiss"]
[Site "Toronto CAN"]
[Date "2007.11.08"]
[Round "2"]
[White "Arfin, Sam"]
[Black "London, John"]
[Result "1/2-1/2"]
[WhiteElo "1614"]
[BlackElo "1851"]
[PlyCount "106"]
[GameId "2160767910574533"]
[EventDate "2007.11.01"]
[EventType "swiss"]
[EventRounds "7"]
[EventCountry "CAN"]
[SourceTitle "EXT 2022"]
[Source "ChessBase"]
[SourceDate "2021.10.06"]
[SourceVersion "1"]
[SourceVersionDate "2021.10.06"]
[SourceQuality "1"]

1. e4 c5 2. Nc3 e6 3. f4 d5 4. Bb5+ Nc6 5. Nf3 d4 6. Ne2 Nf6 7. Bxc6+ bxc6 8. d3 Rb8 9. Ne5 Qc7 10. O-O Nd7 11. Nc4 Be7 12. e5 Nb6 13. b3 O-O 14. Ng3 Nd5 15. Bd2 Ba6 16. Ne4 Bxc4 17. dxc4 Nb6 18. Rf3 Nd7 19. Rh3 f6 20. Qh5 h6 21. exf6 Nxf6 22. Qg6 Nxe4 23. Qxe6+ Rf7 24. Qxe4 Qd7 25. Rf3 Bf6 26. Re1 Re7 27. Qd3 Rxe1+ 28. Bxe1 Qe6 29. Bd2 Re8 30. Rf1 Qg4 31. Qf3 Qf5 32. Qxc6 Re2 33. Qd5+ Qxd5 34. cxd5 Rxd2 35. Rf2 Rd1+ 36. Rf1 Rxf1+ 37. Kxf1 Kf7 38. Ke2 Ke7 39. Kd3 Kd6 40. Ke4 a5 41. h3 g6 42. a3 Kc7 43. Kd3 Kb6 44. Kc4 Bh4 45. b4 axb4 46. axb4 cxb4 47. Kxb4 Bf6 48. Kc4 Kc7 49. Kc5 h5 50. g4 Kd7 51. d6 Bh4 52. Kxd4 Kxd6 53. gxh5 gxh5 1/2-1/2

[Event "Scarborough CC Fall Swiss"]
[Site "Toronto CAN"]
[Date "2007.11.08"]
[Round "2"]
[White "Bellomo, Joe"]
[Black "Rutherdale, William"]
[Result "0-1"]
[WhiteElo "1723"]
[BlackElo "1820"]
[PlyCount "148"]
[GameId "2160767910574534"]
[EventDate "2007.11.01"]
[EventType "swiss"]
[EventRounds "7"]
[EventCountry "CAN"]
[SourceTitle "EXT 2022"]
[Source "ChessBase"]
[SourceDate "2021.10.06"]
[SourceVersion "1"]
[SourceVersionDate "2021.10.06"]
[SourceQuality "1"]

1. e4 d6 2. d4 Nf6 3. Nc3 g6 4. Nf3 Bg7 5. Be2 Bg4 6. h3 Bxf3 7. Bxf3 Nbd7 8. O-O O-O 9. Re1 c5 10. e5 Ne8 11. exd6 Nxd6 12. dxc5 Nxc5 13. Nd5 Nf5 14. g4 e6 15. gxf5 exd5 16. Qxd5 Qa5 17. Bd2 Qb5 18. fxg6 hxg6 19. Be3 Rac8 20. a4 Qa5 21. Bd2 Qc7 22. Bb4 Rfd8 23. Qxc5 Qxc5 24. Bxc5 Rxc5 25. c3 Rd2 26. Re2 Rd7 27. Re8+ Bf8 28. Rae1 Kg7 29. Ra8 Rg5+ 30. Kf1 Rd2 31. Rae8 Rxb2 32. R8e2 Rb3 33. Bxb7 Rxb7 34. Re4 Rc5 35. c4 Rbc7 36. Rc1 Be7 37. Ke2 Kf6 38. Kd3 Kf5 39. f3 Bf6 40. Rb1 Ra5 41. Rb5+ Rxb5 42. axb5 Rd7+ 43. Kc2 Be7 44. Kc3 Bc5 45. Kc2 Re7 46. Rh4 Re2+ 47. Kd1 Rf2 48. Rh7 Kf6 49. Rh8 Rxf3 50. Rc8 Be7 51. c5 Rxh3 52. c6 Rc3 53. Kd2 Rc5 54. Rb8 Ke6 55. Rb7 Rd5+ 56. Kc3 Bd6 57. Kb3 f5 58. Kc4 f4 59. Rg7 Rg5 60. c7 Bxc7 61. Rxc7 f3 62. Rxa7 f2 63. Ra6+ Kf5 64. Ra7 Kg4 65. Ra1 Kf3 66. b6 Rf5 67. b7 Rf8 68. Kd4 Kg2 69. Ra2 Kg1 70. Rb2 f1=Q 71. b8=Q Rxb8 72. Rxb8 g5 73. Rg8 Qf4+ 74. Kc3 g4 0-1

[Event "Scarborough CC Fall Swiss"]
[Site "Toronto CAN"]
[Date "2007.11.08"]
[Round "2"]
[White "Garel, Rick"]
[Black "Kurkowski, Ken"]
[Result "1-0"]
[WhiteElo "1917"]
[BlackElo "1758"]
[PlyCount "51"]
[GameId "2160767910574535"]
[EventDate "2007.11.01"]
[EventType "swiss"]
[EventRounds "7"]
[EventCountry "CAN"]
[SourceTitle "EXT 2022"]
[Source "ChessBase"]
[SourceDate "2021.10.06"]
[SourceVersion "1"]
[SourceVersionDate "2021.10.06"]
[SourceQuality "1"]

1. e4 d6 2. d4 Nf6 3. Bd3 g6 4. f4 Bg7 5. Nf3 O-O 6. O-O Na6 7. Qe1 c5 8. c3 Bd7 9. Qh4 Qb6 10. e5 Ne8 11. Qxe7 Bc6 12. Nbd2 cxd4 13. Nc4 Qc5 14. cxd4 Qb5 15. a4 Qd5 16. Qh4 dxe5 17. fxe5 b5 18. Ne3 Qd7 19. axb5 Bxb5 20. Bxb5 Qxb5 21. Ng4 h5 22. Nh6+ Kh7 23. Nxf7 Rxf7 24. Ng5+ Kg8 25. Rxf7 Bh6 26. Qe4 1-0

[Event "Scarborough CC Fall Swiss"]
[Site "Toronto CAN"]
[Date "2007.11.08"]
[Round "2"]
[White "Lamb, Bryan"]
[Black "Villalobos, Oscar"]
[Result "1/2-1/2"]
[WhiteElo "2229"]
[BlackElo "1862"]
[PlyCount "117"]
[GameId "2160767910574536"]
[EventDate "2007.11.01"]
[EventType "swiss"]
[EventRounds "7"]
[EventCountry "CAN"]
[SourceTitle "EXT 2022"]
[Source "ChessBase"]
[SourceDate "2021.10.06"]
[SourceVersion "1"]
[SourceVersionDate "2021.10.06"]
[SourceQuality "1"]

1. c4 c5 2. Nf3 Nc6 3. Nc3 g6 4. d4 cxd4 5. Nxd4 Bg7 6. Nc2 e5 7. g3 Nge7 8. Bg2 O-O 9. Bg5 h6 10. Be3 a6 11. Qd2 Nf5 12. Bc5 d6 13. Ba3 Be6 14. b3 Qd7 15. Rd1 Rfd8 16. O-O Rab8 17. Ne4 b5 18. Bxd6 Nxd6 19. Qxd6 Nd4 20. Nxd4 Qxd6 21. Nxd6 exd4 22. c5 Rd7 23. Rfe1 Be5 24. e3 Bxd6 25. cxd6 Rxd6 26. Rxd4 Rxd4 27. exd4 Rd8 28. d5 Bf5 29. f4 Kf8 30. Kf2 Rc8 31. Be4 Bg4 32. Re3 Rc1 33. b4 Rc4 34. a3 Rc1 35. Rd3 Rc2+ 36. Ke3 Ke7 37. d6+ Kd7 38. a4 bxa4 39. Bb7 Re2+ 40. Kd4 Kxd6 41. Bxa6 Rxh2 42. Kc4+ Kc7 43. Rc3 Kb6 44. b5 Rd2 45. Kb4 Rd4+ 46. Ka3 Bd7 47. Re3 Bxb5 48. Bxb5 Kxb5 49. Re5+ Kc6 50. Re7 Rd3+ 51. Kxa4 Rxg3 52. Rxf7 Kd6 53. Kb4 Ke6 54. Rf8 h5 55. Kc5 h4 56. Kd4 Ke7 57. Rh8 Kf6 58. Ke4 Ra3 59. Rxh4 1/2-1/2

[Event "Scarborough CC Fall Swiss"]
[Site "Toronto CAN"]
[Date "2007.11.08"]
[Round "2"]
[White "Mesiti, Silvano"]
[Black "Marsh, Cassius"]
[Result "0-1"]
[WhiteElo "1742"]
[BlackElo "2101"]
[PlyCount "70"]
[GameId "2160767910574537"]
[EventDate "2007.11.01"]
[EventType "swiss"]
[EventRounds "7"]
[EventCountry "CAN"]
[SourceTitle "EXT 2022"]
[Source "ChessBase"]
[SourceDate "2021.10.06"]
[SourceVersion "1"]
[SourceVersionDate "2021.10.06"]
[SourceQuality "1"]

1. e4 c5 2. Nf3 d6 3. Bc4 Nc6 4. d4 cxd4 5. Nxd4 Nf6 6. Nxc6 bxc6 7. Nc3 e6 8. O-O Be7 9. Qf3 d5 10. exd5 exd5 11. h3 dxc4 12. Qxc6+ Bd7 13. Qxc4 O-O 14. Bf4 Qa5 15. Qe2 Rfe8 16. Qf3 Qf5 17. Rac1 Rac8 18. g4 Qg6 19. Be3 Nxg4 20. hxg4 Rc4 21. Bf4 Bd6 22. Bg3 Rxg4 23. Kh2 Bc6 24. Nd5 Qh5+ 25. Kg1 Bxd5 26. Qxd5 Rxg3+ 27. fxg3 Qxd5 28. Rfe1 Bc5+ 29. Kh2 Rxe1 30. Rxe1 Qd2+ 31. Kh3 Qxe1 32. c3 Qf1+ 33. Kh2 Bg1+ 34. Kh1 Qf2 35. b4 Qh2# 0-1

[Event "Scarborough CC Fall Swiss"]
[Site "Toronto CAN"]
[Date "2007.11.08"]
[Round "2"]
[White "Moran-Venegas, Mario"]
[Black "Hall, John2"]
[Result "0-1"]
[WhiteElo "1723"]
[BlackElo "2127"]
[PlyCount "82"]
[GameId "2160767910574538"]
[EventDate "2007.11.01"]
[EventType "swiss"]
[EventRounds "7"]
[EventCountry "CAN"]
[SourceTitle "EXT 2022"]
[Source "ChessBase"]
[SourceDate "2021.10.06"]
[SourceVersion "1"]
[SourceVersionDate "2021.10.06"]
[SourceQuality "1"]

1. e4 e5 2. Nf3 Nc6 3. Bb5 a6 4. Ba4 Nf6 5. O-O Be7 6. Re1 b5 7. Bb3 O-O 8. a4 Bb7 9. c3 d5 10. d3 h6 11. exd5 Nxd5 12. Nxe5 Nxe5 13. Rxe5 Bf6 14. Re1 c5 15. Na3 b4 16. cxb4 cxb4 17. Nc4 Qc7 18. Qg4 Rad8 19. Qg3 Qxg3 20. hxg3 Ne7 21. Bc2 Nc6 22. Be3 Nd4 23. Bxd4 Rxd4 24. Rad1 Rfd8 25. b3 h5 26. Re2 g6 27. Rde1 Kf8 28. Na5 Ba8 29. Nc4 h4 30. gxh4 Rxh4 31. Ne5 Bb7 32. Re3 Kg7 33. Nf3 Rg4 34. Kf1 Rh8 35. d4 a5 36. Ke2 Rxg2 37. Be4 Ba6+ 38. Bd3 Bc8 39. Rg1 Rxg1 40. Nxg1 Bxd4 41. Rh3 Bxh3 0-1

[Event "Scarborough CC Fall Swiss"]
[Site "Toronto CAN"]
[Date "2007.11.08"]
[Round "2"]
[White "Morra, Lui"]
[Black "Stein, Mickey"]
[Result "1-0"]
[WhiteElo "1542"]
[BlackElo "1955"]
[PlyCount "61"]
[GameId "2160767910574539"]
[EventDate "2007.11.01"]
[EventType "swiss"]
[EventRounds "7"]
[EventCountry "CAN"]
[SourceTitle "EXT 2022"]
[Source "ChessBase"]
[SourceDate "2021.10.06"]
[SourceVersion "1"]
[SourceVersionDate "2021.10.06"]
[SourceQuality "1"]

1. e4 c6 2. d4 d5 3. e5 c5 4. c3 Nc6 5. Nf3 Bg4 6. Be2 e6 7. Be3 Nge7 8. h3 Bxf3 9. Bxf3 Nf5 10. O-O cxd4 11. cxd4 Qb6 12. Qa4 Nfxd4 13. Bg4 Qxb2 14. Nd2 Qc2 15. Nb3 Nxb3 16. axb3 Qe4 17. Qb5 Qb4 18. Qe2 Be7 19. Bd2 Qb6 20. Kh1 O-O 21. Rac1 d4 22. f4 Bb4 23. f5 Bxd2 24. Qxd2 Nxe5 25. f6 Nxg4 26. hxg4 Qb5 27. Rf5 exf5 28. Qg5 g6 29. Qh6 Qf1+ 30. Rxf1 fxg4 31. Qg7# 1-0

[Event "Scarborough CC Fall Swiss"]
[Site "Toronto CAN"]
[Date "2007.11.08"]
[Round "2"]
[White "Moysoski, Randy"]
[Black "Manalo, Pepin"]
[Result "0-1"]
[WhiteElo "1892"]
[BlackElo "1837"]
[PlyCount "132"]
[GameId "2160767910574540"]
[EventDate "2007.11.01"]
[EventType "swiss"]
[EventRounds "7"]
[EventCountry "CAN"]
[SourceTitle "EXT 2022"]
[Source "ChessBase"]
[SourceDate "2021.10.06"]
[SourceVersion "1"]
[SourceVersionDate "2021.10.06"]
[SourceQuality "1"]

1. e4 e6 2. f4 d5 3. e5 c5 4. Nf3 d4 5. Be2 Nc6 6. O-O Nge7 7. Na3 Nd5 8. Ng5 f6 9. exf6 Qxf6 10. Nh3 Bd6 11. Bf3 Nce7 12. g3 Bd7 13. c4 dxc3 14. bxc3 Bc6 15. Nc4 Bc7 16. Ba3 b5 17. Ne5 Bxe5 18. fxe5 Qxe5 19. Re1 Qd6 20. Ng5 e5 21. Ne4 Qc7 22. Bxc5 O-O 23. Bg2 Rad8 24. Qg4 Bd7 25. Qg5 Rf5 26. Qh4 Ng6 27. Qh3 Rf1+ 28. Rxf1 Bxh3 29. Bxh3 Qc6 30. Bg2 Qc7 31. Rf2 Nf6 32. Nxf6+ gxf6 33. Be3 Kg7 34. a4 Qa5 35. Raf1 bxa4 36. Rxf6 Rf8 37. Rd6 Rxf1+ 38. Bxf1 Qc7 39. Ra6 Ne7 40. Rxa4 a5 41. Rg4+ Kf6 42. Rc4 Qb7 43. d4 e4 44. h4 Nf5 45. Bf4 h5 46. Rc7 Qb1 47. Rc6+ Ke7 48. d5 Kd7 49. Rc7+ Kd8 50. Rf7 e3 51. Kg2 Qe4+ 52. Kh2 Qxd5 53. Rh7 e2 54. Rh8+ Kd7 55. Rh7+ Ke8 56. Bg2 Qxg2+ 57. Kxg2 e1=Q 58. Rh8+ Kd7 59. Rh7+ Ke6 60. Rc7 Qe2+ 61. Kg1 Ne3 62. Bxe3 Qxe3+ 63. Kg2 Qe4+ 64. Kf2 Kd6 65. Rf7 Qc2+ 66. Kf1 Qxc3 0-1

[Event "Scarborough CC Fall Swiss"]
[Site "Toronto CAN"]
[Date "2007.11.08"]
[Round "2"]
[White "Paterson, Jim"]
[Black "Fan, Yibing"]
[Result "1/2-1/2"]
[WhiteElo "1850"]
[BlackElo "1866"]
[PlyCount "77"]
[GameId "2160767910574541"]
[EventDate "2007.11.01"]
[EventType "swiss"]
[EventRounds "7"]
[EventCountry "CAN"]
[SourceTitle "EXT 2022"]
[Source "ChessBase"]
[SourceDate "2021.10.06"]
[SourceVersion "1"]
[SourceVersionDate "2021.10.06"]
[SourceQuality "1"]

1. e3 d5 2. f4 g6 3. Nf3 Bg7 4. c3 Nf6 5. d4 Bf5 6. Be2 Nbd7 7. Nbd2 Nb6 8. b3 Ng4 9. Nf1 Nf6 10. Ng3 Be4 11. O-O e6 12. Ba3 Nbd7 13. Ne5 c6 14. Bf3 Bxf3 15. Qxf3 Qa5 16. Bb4 Qc7 17. Nxd7 Nxd7 18. e4 a5 19. Ba3 b5 20. exd5 cxd5 21. Rac1 Bf8 22. Bxf8 Rxf8 23. c4 Rc8 24. c5 Nb8 25. Rfe1 Kd8 26. Qg4 Qe7 27. Qe2 Qf6 28. Qd2 Nc6 29. Red1 h5 30. Ne2 h4 31. Qd3 Rb8 32. a3 g5 33. Qe3 g4 34. Rf1 Qf5 35. g3 h3 36. Rfd1 Kd7 37. Qd3 Qxd3 38. Rxd3 f5 39. Re3 1/2-1/2

[Event "Scarborough CC Fall Swiss"]
[Site "Toronto CAN"]
[Date "2007.11.08"]
[Round "2"]
[White "Wu, Aaron"]
[Black "Ferreira, Alex"]
[Result "1/2-1/2"]
[WhiteElo "1675"]
[BlackElo "2023"]
[PlyCount "122"]
[GameId "2160767910574542"]
[EventDate "2007.11.01"]
[EventType "swiss"]
[EventRounds "7"]
[EventCountry "CAN"]
[SourceTitle "EXT 2022"]
[Source "ChessBase"]
[SourceDate "2021.10.06"]
[SourceVersion "1"]
[SourceVersionDate "2021.10.06"]
[SourceQuality "1"]

1. e4 d5 2. exd5 Nf6 3. c4 c6 4. dxc6 Nxc6 5. Nf3 e5 6. d3 e4 7. Ng5 Bb4+ 8. Nc3 Bf5 9. Ngxe4 Bxe4 10. dxe4 Qxd1+ 11. Kxd1 Bxc3 12. bxc3 Nxe4 13. Be3 Nxc3+ 14. Kc2 Ne4 15. Be2 O-O 16. Rhd1 Rfe8 17. Bf3 Rac8 18. Rac1 f5 19. Kb1 Kf7 20. Bxe4 Rxe4 21. Rd7+ Re7 22. Rxe7+ Kxe7 23. Re1 Kd6 24. Rd1+ Ke6 25. Re1 Kf7 26. Rd1 Rc7 27. Rd5 g6 28. g3 Ke6 29. Bf4 Rc8 30. Rd6+ Ke7 31. c5 Na5 32. Bg5+ Ke8 33. Re6+ Kf8 34. Be3 Kf7 35. Rd6 Rc7 36. Bg5 Rxc5 37. Rd7+ Ke6 38. Rxh7 Kd5 39. Rd7+ Ke4 40. Rd6 Rc6 41. Rxc6 bxc6 42. Be3 a6 43. Kc2 Nc4 44. Ba7 Ne5 45. h3 Nd7 46. Be3 Kd5 47. Kd3 c5 48. h4 Ne5+ 49. Kc3 Ng4 50. Kd3 Ne5+ 51. Kc3 Nc4 52. Bc1 Nd6 53. Be3 Nb5+ 54. Kb3 c4+ 55. Kb4 Nd4 56. Kc3 Nc6 57. Bb6 a5 58. Be3 Ne5 59. Bf4 Nd3 60. Be3 Nb4 61. Kb2 Kc6 1/2-1/2

[Event "Scarborough CC Fall Swiss"]
[Site "Toronto CAN"]
[Date "2007.11.08"]
[Round "2"]
[White "Yuan, Yuanling"]
[Black "Armstrong, Robert J"]
[Result "1-0"]
[WhiteElo "2165"]
[BlackElo "1818"]
[PlyCount "85"]
[GameId "2160767910574543"]
[EventDate "2007.11.01"]
[EventType "swiss"]
[EventRounds "7"]
[EventCountry "CAN"]
[SourceTitle "EXT 2022"]
[Source "ChessBase"]
[SourceDate "2021.10.06"]
[SourceVersion "1"]
[SourceVersionDate "2021.10.06"]
[SourceQuality "1"]

1. e4 g6 2. d4 Bg7 3. Nc3 d6 4. f4 Nf6 5. Nf3 O-O 6. Bd3 c5 7. d5 Qb6 8. Qe2 Na6 9. h3 Bd7 10. Bc4 Rfe8 11. O-O Kh8 12. Ng5 Rf8 13. Qf2 h6 14. Nf3 Qb4 15. Bd3 c4 16. a3 Qc5 17. Be3 Qc7 18. Be2 b5 19. Qh4 Nc5 20. f5 Ng8 21. Nd4 Bf6 22. Qe1 Rab8 23. Qd2 Bg7 24. g4 a5 25. Bf3 b4 26. axb4 axb4 27. Nce2 b3 28. c3 Nd3 29. g5 h5 30. Nf4 Nxf4 31. Bxf4 Qc5 32. Be3 Qc7 33. Qe2 Be5 34. Kh1 Ra8 35. Bxh5 Kg7 36. Bg4 Ra2 37. Rab1 Rfa8 38. fxg6 Bxg4 39. Qxg4 Bxd4 40. Bxd4+ Kxg6 41. Qf5+ Kh5 42. Qh7+ Nh6 43. Qxh6# 1-0

[Event "Scarborough CC Fall Swiss"]
[Site "Toronto CAN"]
[Date "2007.11.15"]
[Round "3"]
[White "Fan, Yibing"]
[Black "Lamb, Bryan"]
[Result "1/2-1/2"]
[WhiteElo "1866"]
[BlackElo "2229"]
[PlyCount "120"]
[GameId "2160767910574544"]
[EventDate "2007.11.01"]
[EventType "swiss"]
[EventRounds "7"]
[EventCountry "CAN"]
[SourceTitle "EXT 2022"]
[Source "ChessBase"]
[SourceDate "2021.10.06"]
[SourceVersion "1"]
[SourceVersionDate "2021.10.06"]
[SourceQuality "1"]

1. d4 Nf6 2. c4 g6 3. Nc3 Bg7 4. e4 d6 5. Nge2 O-O 6. Ng3 e5 7. d5 Ne8 8. h4 h5 9. Bg5 Bf6 10. Qd2 c6 11. Be2 Bxg5 12. hxg5 Ng7 13. Bxh5 gxh5 14. Nxh5 Nxh5 15. Rxh5 Kg7 16. Qe2 Qd7 17. Kd2 Qg4 18. Rah1 Qxe2+ 19. Nxe2 Rg8 20. Ng3 Kf8 21. Rh8 Na6 22. R1h6 cxd5 23. exd5 b5 24. Ne4 Rxh8 25. Rxh8+ Kg7 26. Rh6 bxc4 27. Nxd6 Nc5 28. f3 Bb7 29. Nf5+ Kg8 30. Kc3 Na4+ 31. Kc2 Rd8 32. d6 Bc8 33. Ne7+ Kg7 34. Nc6 Re8 35. Ne7 Be6 36. g4 Rd8 37. Nf5+ Bxf5+ 38. gxf5 Nxb2 39. Kc3 Nd1+ 40. Kxc4 Ne3+ 41. Kc5 Nxf5 42. Rf6 Rc8+ 43. Kb5 Nd4+ 44. Ka6 Rc6+ 45. Kb7 Rb6+ 46. Kc8 Ne6 47. Rxe6 fxe6 48. d7 Rd6 49. d8=Q Rxd8+ 50. Kxd8 Kg6 51. Kd7 Kxg5 52. Kxe6 Kf4 53. Kd5 Kxf3 54. Kxe5 a5 55. a4 Ke3 56. Kd5 Kf4 57. Kc5 Ke5 58. Kb6 Kd6 59. Kxa5 Kc7 60. Ka6 Kb8 1/2-1/2

[Event "Scarborough CC Fall Swiss"]
[Site "Toronto CAN"]
[Date "2007.11.15"]
[Round "3"]
[White "Hall, John2"]
[Black "Morra, Lui"]
[Result "1-0"]
[WhiteElo "2112"]
[BlackElo "1542"]
[PlyCount "61"]
[GameId "2160767910574545"]
[EventDate "2007.11.01"]
[EventType "swiss"]
[EventRounds "7"]
[EventCountry "CAN"]
[SourceTitle "EXT 2022"]
[Source "ChessBase"]
[SourceDate "2021.10.06"]
[SourceVersion "1"]
[SourceVersionDate "2021.10.06"]
[SourceQuality "1"]

1. b3 e5 2. Bb2 Nc6 3. e3 Nf6 4. Bb5 d6 5. Ne2 Bg4 6. f3 Be6 7. O-O a6 8. Bxc6+ bxc6 9. f4 e4 10. Nbc3 d5 11. Ng3 Bc5 12. Nce2 O-O 13. Nd4 Bd7 14. Ndf5 Bxf5 15. Nxf5 Qd7 16. Nh6+ Kh8 17. Bxf6 gxf6 18. Qh5 Bb6 19. Qh4 Qe6 20. f5 Qe7 21. Ng4 Rg8 22. Nxf6 Rg7 23. Rf4 d4 24. Rxe4 Qc5 25. Rg4 Qxf5 26. Rxg7 Kxg7 27. Rf1 Qxc2 28. e4 d3+ 29. Kh1 Rh8 30. Nh5+ Kg6 31. Rf6# 1-0

[Event "Scarborough CC Fall Swiss"]
[Site "Toronto CAN"]
[Date "2007.11.15"]
[Round "3"]
[White "Kurkowski, Ken"]
[Black "Bellomo, Joe"]
[Result "0-1"]
[WhiteElo "1758"]
[BlackElo "1723"]
[PlyCount "66"]
[GameId "2160767910574546"]
[EventDate "2007.11.01"]
[EventType "swiss"]
[EventRounds "7"]
[EventCountry "CAN"]
[SourceTitle "EXT 2022"]
[Source "ChessBase"]
[SourceDate "2021.10.06"]
[SourceVersion "1"]
[SourceVersionDate "2021.10.06"]
[SourceQuality "1"]

1. e4 c5 2. Nf3 d6 3. Bb5+ Bd7 4. Bxd7+ Nxd7 5. O-O Ngf6 6. Qe2 Qc7 7. Rd1 e6 8. d4 Be7 9. Nc3 a6 10. a4 O-O 11. Bg5 Rfe8 12. Rd2 Rac8 13. Rad1 Qb6 14. b3 cxd4 15. Nb1 e5 16. Kh1 Nc5 17. Bxf6 Bxf6 18. Na3 Qc6 19. Nc4 Nxa4 20. Na5 Qb6 21. Nc4 Rxc4 22. bxc4 Nc3 23. Qd3 Nxd1 24. Rxd1 Rc8 25. c3 dxc3 26. Rb1 Qc6 27. Rd1 h6 28. Qxc3 Qxc4 29. Qa3 Qxe4 30. h3 Qc6 31. Rxd6 Qc1+ 32. Qxc1 Rxc1+ 33. Kh2 e4 0-1

[Event "Scarborough CC Fall Swiss"]
[Site "Toronto CAN"]
[Date "2007.11.15"]
[Round "3"]
[White "Manalo, Pepin"]
[Black "Garel, Rick"]
[Result "1-0"]
[WhiteElo "1837"]
[BlackElo "1917"]
[PlyCount "119"]
[GameId "2160767910574547"]
[EventDate "2007.11.01"]
[EventType "swiss"]
[EventRounds "7"]
[EventCountry "CAN"]
[SourceTitle "EXT 2022"]
[Source "ChessBase"]
[SourceDate "2021.10.06"]
[SourceVersion "1"]
[SourceVersionDate "2021.10.06"]
[SourceQuality "1"]

1. e4 c5 2. Nf3 d6 3. Bb5+ Bd7 4. Bc4 e6 5. Qe2 Nc6 6. a4 Nge7 7. Nc3 Ng6 8. d3 Be7 9. Be3 Bf6 10. O-O O-O 11. Rab1 a6 12. Qd2 Nd4 13. Bxd4 cxd4 14. Ne2 e5 15. a5 Bg4 16. Ne1 Bxe2 17. Qxe2 Qxa5 18. g3 Rac8 19. b4 Qc7 20. Ng2 b5 21. Bb3 Ne7 22. Ra1 Qb6 23. h4 Nc6 24. Qd2 Rc7 25. g4 Bd8 26. g5 Kh8 27. h5 f5 28. Nh4 f4 29. Nf3 Nb8 30. Kh2 Rc3 31. Bd5 Qc7 32. Ra2 Qd7 33. Rg1 Qe8 34. g6 h6 35. Qe2 Bf6 36. Nd2 Qc8 37. Nb3 Bg5 38. f3 Bd8 39. Qf2 Nc6 40. Bxc6 Qxc6 41. Rga1 Qc8 42. Qg2 Bh4 43. Nc1 Bg3+ 44. Kg1 Rd8 45. Ne2 Rxc2 46. Rxc2 Qxc2 47. Nxg3 Qc3 48. Rxa6 fxg3 49. Qxg3 Qxd3 50. Kg2 Qd2+ 51. Kh3 Qxb4 52. Qg4 Qc5 53. Kg3 d3 54. Ra1 d2 55. Qd7 Qc8 56. Qxb5 Rf8 57. Qd3 Qd8 58. Qxd2 Qf6 59. Ra3 Qe6 60. Rd3 1-0